000 00730nam a22002057a 4500
003 OSt
005 20221028173343.0
008 221021b |||||||| |||| 00| 0 eng d
020 _a959-260-055-4
040 _cBiblioteca LadoV
082 _a201.13
_bAC185a
100 _9237
_aAcosta, Rinaldo
_eeditor
245 _aArbol del Mundo/
_bDiccionario de imágenes, símbolos y términos mitológicos/
260 _aLa Habana, Cuba
_c2002
_bCasa de las Americas/UNEAC
300 _a477p.
_c17X22cm
650 _2Tesauro de Arte & Arquitectura
_aDICCIONARIO
650 _2Tesauro de Arte & Arquitectura
_aMITOLOGIA
650 _2Tesauro de Arte & Arquitectura
_aSIMBOLOGIA
942 _2ddc
_c1
_h201.13
_iAC185a
_n0
999 _c2401
_d2401